My Father's Land (Record no. 529773)
[ view plain ]
| 000 -LEADER | |
|---|---|
| fixed length control field | 00250nam a22000977a 4500 |
| 082 ## - DEWEY DECIMAL CLASSIFICATION NUMBER | |
| Classification number | TNC A99 Si64 |
| 100 ## - MAIN ENTRY--PERSONAL NAME | |
| Personal name | Singh, Bhagwan |
| 9 (RLIN) | 52846 |
| 245 ## - TITLE STATEMENT | |
| Title | My Father's Land |
| Statement of responsibility, etc | by Bhagwan Singh |
| 260 ## - PUBLICATION, DISTRIBUTION, ETC. (IMPRINT) | |
| Place of publication, distribution, etc | New Delhi |
| Name of publisher, distributor, etc | Tamavua Enterprises |
| Date of publication, distribution, etc | 1984 |
| 300 ## - PHYSICAL DESCRIPTION | |
| Extent | 152p. |
| Withdrawn status | Lost status | Source of classification or shelving scheme | Damaged status | Koha normalized classification for sorting | Not for loan | Permanent location | Current location | Shelving location | Date acquired | Full call number | Barcode | Date last seen | Price effective from | Koha item type |
|---|---|---|---|---|---|---|---|---|---|---|---|---|---|---|
| TNC_A99_SI64 | Indian Institute of Public Administration | Indian Institute of Public Administration | On Display | 2025-05-07 | TNC A99 Si64 | Gr23380 | 2025-05-07 | 2025-05-07 | GR |
